MLB 2025 Silver Sluggers - Statistics

General Stats
  • This quiz has been taken 49 times
  • The average score is 11 of 22
Answer Stats
Position Player % Correct
C Cal Raleigh
100%
OF Aaron Judge
87%
DH Shohei Ohtani
83%
SS Bobby Witt Jr.
70%
Team Los Angeles Dodgers
70%
OF Juan Soto
67%
1B Pete Alonso
67%
Team New York Yankees
63%
3B José Ramírez
60%
2B Ketel Marte
57%
1B Nick Kurtz
57%
2B Jazz Chisholm Jr.
50%
OF Kyle Tucker
50%
3B Manny Machado
47%
DH George Springer
40%
C Hunter Goodman
40%
SS Geraldo Perdomo
33%
OF Corbin Carroll
30%
OF Riley Greene
30%
UT Zach McKinstry
23%
OF Byron Buxton
17%
UT Alec Burleson
7%
No matching quizzes found
Score Distribution
Percent of People with Each Score
Percentile by Number Answered
Your Score History
You have not taken this quiz